00641 2200217 4500001002100000005001700021008004100038020002200079035002500101040001200126082001800138084002100156100002600177245008400203250001100287260003300298300003700331650002500368850001200393990001800405INLIS00000000001962620160502144307.0  a978-602-7696-02-0 a0010-051600000000060 aYOPDYOG 223a4118.4071 aK 418.4071 Suk B aSUKU RADJA, AR, 1968- aBaca- bacab: belajar mudah membaca dengan metode alfabet 200c/ AR. Suku Radja aCet. 1 aYogyakartabDiva Pressc2012 a78 hlm.b: ilus.c; 22 cm.e+ CD aMembaca - Pendidikan aYOPDYOG a51192-PD/A.16